Super Mario Brothers Trivia - Statistics

General Stats
  • This quiz has been taken 122 times
  • The average score is 13 of 15
Answer Stats
Hint Answer % Correct
Food that makes you grow! Mushroom
97%
Final boss? Bowser
94%
How many worlds? Eight
92%
Item that allows you to throw fireballs Fire Flower
91%
Our Princess is in another _ Castle
89%
How many levels per world? Four
88%
Red and green colored turtles Koopa Troopa
87%
What symbol is featured on item and coin blocks? Question Mark
87%
Bullet _ Bill
86%
Villainous brown mushrooms with pointy teeth Goomba
84%
Who says the above phrase? Toad
84%
Green colored object that allows long distance travel Warp Pipe
80%
What creature dwells inside pipes? Piranha Plant
75%
The higher you land on this item, the more points you receive Flagpole
69%
Secret areas that allow skipping large portions of the game Warp Zone
55%
No matching quizzes found
Score Distribution
Percent of People with Each Score
Percentile by Number Answered
Your Score History
You have not taken this quiz